| 000 | 004600000a22001930004500 | ||
|---|---|---|---|
| 001 | 004536 | ||
| 003 | MACL | ||
| 005 | 20150712151211.0 | ||
| 008 | 150712b xxu||||| |||| 00| 0 eng d | ||
| 040 |
_aMACL _cMACL |
||
| 041 | _aEnglish | ||
| 082 | _a320/SIN | ||
| 100 |
_aSingh, Bhim _91934 |
||
| 245 |
_aFlames In Kashmir _cBhim Singh |
||
| 260 |
_aNew Delhi _c1998 _bHarA̜nand, |
||
| 350 | _a395 | ||
| 650 |
_aPolitical Science _988 |
||
| 942 |
_k320 _cBK _2ddc |
||
| 999 |
_c16425 _d16425 |
||